000 00329nam a2200133Ia 4500
005 20260328104314.0
008 260328s9999||||xx |||||||||||||| ||und||
100 _aMarquez, Jaime
245 0 _aArquitectura Panamericana /
_cJaime Marquez
260 _bCiudades de América
300 _a143 p.
650 _aCHILE
942 _cBK
999 _c11094
_d11094